00984nam a22001937a 450000500170000000800410001704000250005804100080008304400070009110000280009824500870012626000310021330000470024450400530029152002640034465000450060865000400065377300970069320150630140418.0150630b2006 ck ||||| |||| 00| 0 spa d aCO-BoIAVHcCO-BoIAVH aspa ack1 aOsorno Durán, Nicolai1 aProtocolo de nidos artificiales de la Fundación ProAves/cNicolai Osorno Durán3 aBogotá:bProAves,c2006. aAño 2006, Nro 2, Diciembre, Pag. 98-110. aIncluye referencias bibliográficas (Pag. 108). aComo respuesta a la gran amenaza que enfrentan varias de las especies de los loros de Colombia, en el año 2003 se dio inicio al Programa Nidos Artificiales de la Fundación ProAves, en la Reserva Natural de las Aves El Mirador, departamento del Quindío.  4aNidaciónxProtocolozAndes Colombianos 4aLoros amenazadoszAndes Colombianos0 dBogotá : Fundación ProAves, 2006-o038446tRevista Conservación Colombianax19001592